[Event "Portoroz op 13th"]
[Site "Portoroz"]
[Date "2019.07.09"]
[Round "5"]
[White "Brinovec, David"]
[Black "Mestek, Igor"]
[Result "1-0"]
[WhiteElo "2205"]
[BlackElo "2132"]
[PlyCount "33"]
[EventDate "2019.07.06"]
[EventType "swiss"]
[EventRounds "9"]
[EventCountry "SLO"]
[SourceTitle "CBM 191 Extra"]
[Source "ChessBase"]
[SourceDate "2019.09.30"]
[SourceVersion "1"]
[SourceVersionDate "2019.09.30"]
[SourceQuality "1"]

1. d4 Nf6 2. Bf4 d6 3. Nc3 Nbd7 4. Nf3 g6 5. e4 Bg7 6. Qd2 c5 7. dxc5 Nxc5 8. e5 Nh5 9. Be3 0-0 10. 0-0-0 Be6 11. h3 Bh8 12. g4 Ng7 13. exd6 exd6 14. Bxc5 dxc5 15. Qh6 Qf6 16. Ng5 Nf5 17. Qxh7# 1-0

[Event "Portoroz op 13th"]
[Site "Portoroz"]
[Date "2019.07.07"]
[Round "3"]
[White "Brinovec, David"]
[Black "Kundianok, Vladislav"]
[Result "0-1"]
[WhiteElo "2205"]
[BlackElo "2117"]
[PlyCount "92"]
[EventDate "2019.07.06"]
[EventType "swiss"]
[EventRounds "9"]
[EventCountry "SLO"]
[SourceTitle "CBM 191 Extra"]
[Source "ChessBase"]
[SourceDate "2019.09.30"]
[SourceVersion "1"]
[SourceVersionDate "2019.09.30"]
[SourceQuality "1"]

1. d4 Nf6 2. Bf4 g6 3. Nc3 d5 4. e3 Bg7 5. h4 h5 6. Nf3 0-0 7. Ne5 c5 8. Qd2 c4 9. f3 a6 10. Ne2 Nc6 11. c3 Nd7 12. Nxd7 Bxd7 13. g4 hxg4 14. Ng3 gxf3 15. h5 Bg4 16. Qh2 e5 17. dxe5 g5 18. h6 Bxe5 19. Bxe5 Nxe5 20. 0-0-0 Qb6 21. Rd4 Qe6 22. Qd2 Kh8 23. e4 dxe4 24. Nxe4 f6 25. Rg1 Bf5 26. Nd6 b5 27. Rh1 Bg6 28. Kd1 Ra7 29. Ne4 Nc6 30. Nc5 Qf5 31. Rd5 Qb1+ 32. Qc1 Qxc1+ 33. Kxc1 Rd8 34. Rxd8+ Nxd8 35. Bh3 f5 36. Rd1 Nf7 37. Nd7 g4 38. Bf1 Kh7 39. Nf8+ Kxh6 40. Re1 Ra8 41. Ne6 Re8 42. Bxc4 bxc4 43. Rh1+ Bh5 44. Nf4 Kg5 45. Nxh5 f2 46. Kd2 Re1 0-1